Beisbol en abril y otros cuentos / (Record no. 24578)
[ view plain ]
| 000 -LEADER | |
|---|---|
| fixed length control field | 00872nam a2200265 a 4500 |
| 001 - CONTROL NUMBER | |
| control field | sjdsz9plea b1434976 |
| 003 - CONTROL NUMBER IDENTIFIER | |
| control field | sjds |
| 005 - DATE AND TIME OF LATEST TRANSACTION | |
| control field | 20200507193820.0 |
| 008 - FIXED-LENGTH DATA ELEMENTS--GENERAL INFORMATION | |
| fixed length control field | 070328s2006 flu j 000 1 spa d |
| 010 ## - LIBRARY OF CONGRESS CONTROL NUMBER | |
| LC control number | bl2007007030 |
| 020 ## - INTERNATIONAL STANDARD BOOK NUMBER | |
| International Standard Book Number | 9781598205190 (pbk.) |
| 020 ## - INTERNATIONAL STANDARD BOOK NUMBER | |
| International Standard Book Number | 1598205196 (pbk.) |
| 040 ## - CATALOGING SOURCE | |
| Original cataloging agency | NjBwBT |
| Transcribing agency | NjBwBT |
| 041 1# - LANGUAGE CODE | |
| Language code of text/sound track or separate title | spa |
| Language code of original | eng |
| 100 1# - MAIN ENTRY--PERSONAL NAME | |
| Personal name | Soto, Gary. |
| 245 10 - TITLE STATEMENT | |
| Title | Beisbol en abril y otros cuentos / |
| Statement of responsibility, etc. | Gary Soto. |
| 260 ## - PUBLICATION, DISTRIBUTION, ETC. (IMPRINT) | |
| Place of publication, distribution, etc. | Miami, Fla. : |
| Name of publisher, distributor, etc. | Alfaguara : |
| -- | Santillana USA Pub. Co., |
| Date of publication, distribution, etc. | 2006. |
| 300 ## - PHYSICAL DESCRIPTION | |
| Extent | 49 p. ; |
| Dimensions | 20 cm. |
| 490 0# - SERIES STATEMENT | |
| Series statement | Alfaguara infantil. |
| 520 ## - SUMMARY, ETC. | |
| Summary, etc. | Collects eleven short stories focusing on the everyday adventures of Chicano young people growing up in Fresno, California. |
| 650 #1 - SUBJECT ADDED ENTRY--TOPICAL TERM | |
| Topical term or geographic name as entry element | Mexican Americans |
| Geographic subdivision | California |
| Form subdivision | Fiction. |
| 650 #1 - SUBJECT ADDED ENTRY--TOPICAL TERM | |
| Topical term or geographic name as entry element | Short stories. |
| 650 #1 - SUBJECT ADDED ENTRY--TOPICAL TERM | |
| Topical term or geographic name as entry element | Spanish language materials. |
| 942 ## - ADDED ENTRY ELEMENTS (KOHA) | |
| Koha item type | Libro/Book |
| Source of classification or shelving scheme | Dewey Decimal Classification |
| Withdrawn status | Lost status | Damaged status | Not for loan | Home library | Current library | Shelving location | Date acquired | Total Checkouts | Full call number | Barcode | Date last seen | Date checked out | Price effective from | Koha item type |
|---|---|---|---|---|---|---|---|---|---|---|---|---|---|---|
| San Juan Del Sur -- Biblioteca | San Juan Del Sur -- Biblioteca | Children's Area | 09/07/2014 | 2 | JF SOT | 30005615 | 16/02/2015 | 26/01/2015 | 09/07/2014 | Libro/Book |